[Event "CZE-chT2C 1819"]
[Site "Czech Republic"]
[Date "2019.03.17"]
[Round "10.8"]
[White "Bargel, Martin"]
[Black "Flek, Vladislav"]
[Result "1-0"]
[WhiteElo "2117"]
[BlackElo "1940"]
[PlyCount "47"]
[EventDate "2018.10.14"]
[EventType "team-tourn"]
[EventRounds "11"]
[EventCountry "CZE"]
[SourceTitle "EXT 2022"]
[Source "ChessBase"]
[SourceDate "2021.10.06"]
[SourceVersion "1"]
[SourceVersionDate "2021.10.06"]
[SourceQuality "1"]
[WhiteTeam "Neratovice II"]
[BlackTeam "Pankrac II"]
[WhiteTeamCountry "CZE"]
[BlackTeamCountry "CZE"]

1. e4 c5 2. Nf3 d6 3. d4 cxd4 4. Nxd4 Nf6 5. Nc3 a6 6. Qf3 Qc7 7. a3 g6 8. h3 Bg7 9. Be3 Bd7 10. g4 Bc6 11. g5 Nfd7 12. h4 Nc5 13. h5 Nbd7 14. Rh4 e5 15. Nxc6 bxc6 16. Qh3 gxh5 17. Rxh5 Nf8 18. Bxc5 dxc5 19. 0-0-0 Qe7 20. Bc4 Ng6 21. Qf5 0-0 22. Rdh1 a5 23. Rxh7 Rad8 24. Qxg6 1-0

[Event "CZE-chT2C 1819"]
[Site "Czech Republic"]
[Date "2019.01.27"]
[Round "7.6"]
[White "Flek, Vladislav"]
[Black "Kabelka, Ondrej"]
[Result "0-1"]
[WhiteElo "1940"]
[BlackElo "2035"]
[PlyCount "92"]
[EventDate "2018.10.14"]
[EventType "team-tourn"]
[EventRounds "11"]
[EventCountry "CZE"]
[SourceTitle "EXT 2022"]
[Source "ChessBase"]
[SourceDate "2021.10.06"]
[SourceVersion "1"]
[SourceVersionDate "2021.10.06"]
[SourceQuality "1"]
[WhiteTeam "Pankrac II"]
[BlackTeam "Jicin"]
[WhiteTeamCountry "CZE"]
[BlackTeamCountry "CZE"]

1. e4 e6 2. d4 d5 3. Nc3 Bb4 4. Qd3 dxe4 5. Qxe4 Nf6 6. Qh4 c5 7. Bb5+ Bd7 8. Bxd7+ Nbxd7 9. Nge2 Nd5 10. Qxd8+ Rxd8 11. 0-0 N7f6 12. Nxd5 Rxd5 13. c3 Ba5 14. dxc5 0-0 15. b4 Bc7 16. c4 Rd3 17. Re1 a5 18. b5 Rc8 19. Bb2 Bd8 20. Rad1 Rxd1 21. Rxd1 Be7 22. Bxf6 Bxf6 23. Rd7 Rxc5 24. Rxb7 g6 25. Rd7 Rxc4 26. Rd1 Rb4 27. a4 Rxa4 28. Rb1 Rb4 29. Rxb4 axb4 30. Nc1 Kf8 31. Kf1 Ke7 32. Ke2 Kd6 33. Kd3 Kc5 34. b6 Kxb6 35. Kc4 Be7 36. Nd3 Ka5 37. Kb3 Bd6 38. Kc4 Ka4 39. Nc1 Ka3 40. h3 Kb2 41. Nb3 Kc2 42. f3 h5 43. g4 h4 44. Na5 Kd2 45. Kd4 Ke2 46. Nc4 Bc7 0-1

[Event "CZE-chT B4 corr"]
[Site "Czechia"]
[Date "2003.??.??"]
[Round "?"]
[White "Kolarik, Jiri"]
[Black "Flek, Vladislav"]
[Result "1-0"]
[WhiteElo "2375"]
[BlackElo "2000"]
[PlyCount "75"]
[EventDate "2002.??.??"]
[EventType "team (corr)"]
[EventRounds "14"]
[EventCountry "CZE"]
[SourceTitle "Corr 2004"]
[Source "ChessBase"]
[SourceDate "2003.04.28"]
[SourceVersion "3"]
[SourceVersionDate "2003.04.28"]
[SourceQuality "1"]

1. Nf3 Nf6 2. g3 c5 3. Bg2 e6 4. 0-0 Be7 5. c4 0-0 6. Nc3 Nc6 7. d4 cxd4 8. Nxd4 a6 9. b3 Qc7 10. Bb2 d6 11. Rc1 Nxd4 12. Qxd4 Bd7 13. Rfd1 Rfd8 14. Qe3 Rac8 15. a4 b6 16. h3 Qb8 17. Ne4 Nxe4 18. Bxe4 h6 19. Qf3 a5 20. Qe3 Qc7 21. Bd4 Rb8 22. Kh2 Be8 23. Qc3 Bf8 24. Qd3 Be7 25. f4 f5 26. Bh1 e5 27. Bb2 Qc5 28. Bd5+ Kh8 29. fxe5 Qf2+ 30. Kh1 Bh5 31. Rf1 Bxe2 32. Qc2 Qxf1+ 33. Rxf1 Bxf1 34. e6 Rf8 35. Qc1 f4 36. Qxf1 fxg3 37. Qd3 Bh4 38. Bf3 1-0

[Event "CZE-chT B4 corr"]
[Site "Czechia"]
[Date "2002.??.??"]
[Round "?"]
[White "Flek, Vladislav"]
[Black "Janecek, Josef"]
[Result "0-1"]
[WhiteElo "2000"]
[BlackElo "2185"]
[PlyCount "58"]
[EventDate "2002.??.??"]
[EventType "team (corr)"]
[EventRounds "14"]
[EventCountry "CZE"]
[SourceTitle "Corr 2004"]
[Source "ChessBase"]
[SourceDate "2003.04.28"]
[SourceVersion "3"]
[SourceVersionDate "2003.04.28"]
[SourceQuality "1"]

1. e4 c5 2. Nc3 Nc6 3. g3 g6 4. Bg2 Bg7 5. d3 d6 6. Nge2 e6 7. Be3 Nd4 8. 0-0 Ne7 9. Qd2 0-0 10. Nd1 b6 11. c3 Nxe2+ 12. Qxe2 Bb7 13. f4 Qd7 14. g4 f5 15. Nf2 a5 16. c4 Nc6 17. h3 Nd4 18. Qd2 a4 19. Rac1 a3 20. b3 d5 21. cxd5 exd5 22. Rb1 dxe4 23. dxe4 fxe4 24. Nxe4 Rae8 25. Nc3 Bxg2 26. Kxg2 Qb7+ 27. Kg3 h5 28. b4 h4+ 29. Kxh4 Qe7+ 0-1

[Event "CZE-chT B4 corr"]
[Site "Czechia"]
[Date "2002.??.??"]
[Round "?"]
[White "Kosek, Lubomir"]
[Black "Flek, Vladislav"]
[Result "0-1"]
[WhiteElo "2110"]
[BlackElo "2000"]
[PlyCount "36"]
[EventDate "2002.??.??"]
[EventType "team (corr)"]
[EventRounds "14"]
[EventCountry "CZE"]
[SourceTitle "Corr 2004"]
[Source "ChessBase"]
[SourceDate "2003.04.28"]
[SourceVersion "3"]
[SourceVersionDate "2003.04.28"]
[SourceQuality "1"]

1. e4 c5 2. Nf3 d6 3. d4 cxd4 4. Nxd4 Nf6 5. Nc3 a6 6. Be3 e5 7. Nb3 Be6 8. Qd2 b5 9. f3 Be7 10. 0-0-0 Nbd7 11. g4 Nb6 12. Qf2 Nfd7 13. Kb1 Qc7 14. h4 Rc8 15. Nd5 Bxd5 16. exd5 Nc4 17. Bd3 Ndb6 18. Bf1 Nxe3 0-1

[Event "CZE-chT B4 corr"]
[Site "Czechia"]
[Date "2002.??.??"]
[Round "?"]
[White "Rachunek, Milan"]
[Black "Flek, Vladislav"]
[Result "1-0"]
[WhiteElo "2235"]
[BlackElo "2000"]
[PlyCount "59"]
[EventDate "2002.??.??"]
[EventType "team (corr)"]
[EventRounds "14"]
[EventCountry "CZE"]
[SourceTitle "Corr 2004"]
[Source "ChessBase"]
[SourceDate "2003.04.28"]
[SourceVersion "3"]
[SourceVersionDate "2003.04.28"]
[SourceQuality "1"]

1. e4 c5 2. Nf3 d6 3. d4 cxd4 4. Nxd4 Nf6 5. Nc3 a6 6. Be3 e5 7. Nb3 Be6 8. Qd2 b5 9. f3 Be7 10. 0-0-0 Nbd7 11. g4 Nb6 12. g5 Nfd7 13. f4 b4 14. Nd5 Nxd5 15. exd5 Bg4 16. Re1 0-0 17. Rg1 Bf5 18. Qxb4 a5 19. Qa4 Nb6 20. Qb5 Nd7 21. Bd3 Bxd3 22. Qxd3 Qc7 23. f5 Rfb8 24. Nd2 Qb7 25. Nc4 e4 26. Qxe4 Ne5 27. Bd4 Nxc4 28. Qxe7 Qxd5 29. Qe4 Qb5 30. g6 1-0